[Event "Corus"]
[Site "Wijk aan Zee"]
[Date "2010.01.24"]
[Round "8"]
[White "Anand, Viswanathan"]
[Black "Ivanchuk, Vassily"]
[Result "1/2-1/2"]
[WhiteElo "2790"]
[BlackElo "2749"]
[Annotator "Marin,M"]
[PlyCount "50"]
[EventDate "2010.01.16"]
[EventType "tourn"]
[EventRounds "13"]
[EventCountry "NED"]
[EventCategory "19"]
[SourceTitle "CBM 135"]
[Source "ChessBase"]
[SourceDate "2010.03.17"]
[SourceVersion "1"]
[SourceVersionDate "2010.03.17"]
[SourceQuality "1"]

1. e4 c5 2. Nf3 Nc6 3. d4 cxd4 4. Nxd4 g6 5. c4 Nf6 6. Nc3 d6 7. Be2 Nxd4 8.
Qxd4 Bg7 9. Be3 O-O 10. Qd2 a5 {A relatively new plan. Traditionally, Black is
supposed to strive for ...b5, as in the game Dominguez-Nakamura from the same
tournament. The advance of the a-pawn aims to increase Black's control on dark
squares, which is a plan more typically employed in the systems with a delayed
...Nxd4 (answered by Bxd4).} 11. O-O a4 12. Bd4 Bd7 $5 $146 {Ivanchuk chooses
the most solid regrouping, which, curiously, was never tried before. Usually,
Black develops his bishop to e6, putting pressure on the c4-pawn, which cannot
be defended with b2-b3 easily, because a new weakness would appear on b3.} (
12... Be6 13. Qe3 Nd7 14. Bxg7 Kxg7 15. b3 axb3 16. axb3 $14 {Almasi,Z (2691)
-Tiviakov,S (2643)/Reggio Emilia 2007/CBM 122/[Tiviakov] (1/2, 38)}) (12... Qa5
{This seems to be a specialty of GM Mircea Pârligras.} 13. Qe3 Be6 14. Nb5 Bd7
(14... Rfc8 15. Rfc1 Qb4 {Not finding a favourable way to defend c4, White
started the perpetual attack against the enemy queen:} 16. Bc3 {with a draw
after a few repetitions in Seel,C (2493)-Parligras,M (2547)/Muelheim 2009 (1/2,
21).}) 15. b4 axb3 16. axb3 Qb4 17. e5 Nd5 18. cxd5 Rxa1 19. Rxa1 Bxb5 $11 {
Fridman,D (2630)-Parligras,M (2611)/Dresden 2008/CBM 128 (1/2, 31). Black has
absolutely no problems. In fact, it is White who has remained a bit over
extended.}) 13. Rfe1 Bc6 14. Qe3 ({Refraining from} 14. f3 {, which would
unnecessarily weaken the e3-square.}) 14... Nd7 15. Bxg7 Kxg7 {[%cal Gd8b6]}
16. Nd5 e6 17. Nc3 {White has spent two tempi for the sake of provoking a
slight weakness in Black's structure.} Qb6 18. Qd2 Rfd8 19. Rad1 Nf6 {Black
opts for maximum safety again.} ({In his days of glory, Bent Larsen used to
employ such a setup:} 19... e5 20. Bf1 Nc5 {Ivanchuk might have feared a
kingside attack starting with} 21. Re3) 20. Bf1 h5 21. Re3 Rd7 22. h3 Rad8 {
Black is perfectly regrouped and has a solid position. Of course, he cannot
display any form of activity, but finding a constructive and risk free plan
for White is far from easy. Therefore, negotiations of peace were initiated
soon.} 23. Qc2 Kh7 24. Rf3 Kg7 25. Re3 Kh7 1/2-1/2

[Event "Capablanca Memorial Elite 40th"]
[Site "Havana"]
[Date "2005.05.06"]
[Round "1"]
[White "Dominguez Perez, Leinier"]
[Black "Ivanchuk, Vassily"]
[Result "1/2-1/2"]
[WhiteElo "2658"]
[BlackElo "2739"]
[Annotator "Mikhalevski,V"]
[PlyCount "90"]
[EventDate "2005.05.06"]
[EventType "tourn"]
[EventRounds "14"]
[EventCountry "CUB"]
[EventCategory "15"]
[SourceTitle "CBM 107"]
[Source "ChessBase"]
[SourceDate "2005.08.01"]
[SourceVersion "1"]
[SourceVersionDate "2005.08.01"]
[SourceQuality "1"]

1. e4 c5 2. Nf3 Nc6 3. d4 cxd4 4. Nxd4 g6 5. c4 d6 6. Nc3 Nf6 7. Be2 Nxd4 8.
Qxd4 Bg7 9. Be3 Be6 10. Rc1 Qa5 11. f3 O-O 12. Qd2 Rfc8 13. b3 a6 14. Na4 Qxd2+
15. Kxd2 Nd7 16. g4 f5 {A very popular position in the Maroczy system. White
has to make his choice.} 17. exf5 (17. gxf5 $5 {Despite very good results this
line remains in a shadow of 17.exf5. This is a mystery for me. I believe
Vaganian's play in his game against Ponomariov should be very inspiring.} gxf5
18. Rhg1 Kh8 19. Bd3 Ne5 $6 (19... f4 $5 {An attempt to improve on
Ponomariov's play. Black blocks the position on the kingside and hopes to hold.
} 20. Bf2 $1 {Correctly rejecting the f-pawn.} (20. Bxf4 {leads to equality
after} Rf8 21. Bg5 (21. Ke3 Rxf4 $5 (21... Ne5) 22. Kxf4 Bd4 $1 {[%csl Rf4]})
21... Rxf3 22. Bxe7 Bh6+ 23. Bg5 Bxg5+ 24. Rxg5 Rf2+) 20... Ne5 21. Ke2 Rc6 22.
Nb6 Rf8 23. Nd5 $14 {1/2-1/2 Dominguez,L-Felgaer,R/Dos Hermanas ESP 2005/The
Week in Chess 544 (33). (32) This position requires further tests.}) 20. Rxg7
$1 Kxg7 21. Bd4 $1 Rf8 $6 22. f4 $1 fxe4 23. fxe5 exd3 24. exd6+ Kf7 25. Rf1+
Ke8 26. Re1 Rf4 27. Rxe6 Rxd4 28. Nb6 Rd8 29. Rxe7+ Kf8 30. c5 $18 {1-0
Vaganian,R-Ponomariov,R, Calvia ol(Men) 2004/CBM104[Mikhalevski,V].}) 17...
gxf5 18. h3 Rf8 19. f4 Rad8 20. Nc3 ({White preferred} 20. g5 {in earlier
games.}) 20... d5 21. cxd5 Nf6 22. Rhg1 $5 {Leitao's novelty.} Nxd5 23. Nxd5
Bxd5 24. Ke1 $1 e6 $5 {Ivanchuk comes with a new idea. The point is not to
improve White's pawn structure with fxg4, while the pin along the g-file turns
out to be not very dangerous for Black.} ({In the origin-game Black played
inaccurately and eventually lost.} 24... Kh8 $6 25. Rc7 fxg4 26. hxg4 e6 27.
Rg3 Rc8 28. Rxc8 Rxc8 29. Bd3 $14 {1-0 Leitao,R-Felgaer,R, Magistral Copa
Entel 2nd 2005/CBM106[Mikhalevski,V]}) ({In my annotations of Leitao's game I
offered} 24... fxg4 $5 {as the move which deserves to be tested.} 25. hxg4 (25.
Rxg4 Kh8 26. Rc7 Bf6 $11 {[%cal Gd8c8] is good for Black.})) 25. gxf5 {White
has to open the g-file to fight for advantage.} (25. Rc7 {promises no
advantage in view of} Rf7 26. Rxf7 Kxf7 27. gxf5 exf5 28. Bh5+ Kg8 29. Bd4 Rd7
$11) 25... Rxf5 (25... exf5 {also looks playable.}) 26. Bd4 {[%csl Rg7]} Rf7
27. Bh5 (27. Bxg7 {deserves attention.} Rxg7 28. Rxg7+ Kxg7 29. Rc7+ Kg8 30.
Kf2 $1 (30. Bd3 Rf8 $1 31. Bxh7+ Kh8 $11) 30... Rf8 31. Ke3 Rf7 32. Rc8+ Kg7
33. Bd3 $14 {[%cal Gd3e4] and White retains better chances, though it's still
not easy to make progress.}) 27... Rfd7 28. Rc3 {[%cal Gc3g3]} Be4 $2 {Black
blunders a pawn.} (28... Kf8 {was better.} 29. Bxg7+ (29. Bc5+ Kg8 30. Rcg3 Kh8
31. Rxg7 Rxg7 32. Bd4 Rdd7 {[%cal Gh8g8] and the bishops endgame which arises
after 33...Kg8 looks drawish.}) 29... Rxg7 30. Rxg7 Kxg7 31. Rc7+ Kh6) ({
Black also has chances to equalize after the following tactical trick.} 28...
Bg2 $5 29. Be5 $1 (29. Rxg2 Rxd4 30. Rc7 R4d7 $11) 29... Bxe5 30. Rxg2+ Rg7 31.
Rxg7+ Bxg7 32. Rc7 Rd4 33. Bg4 $1 Re4+ 34. Kd2 b5) 29. Be5 $2 {White returns a
favour.} (29. Bxg7 $1 Rxg7 30. Bf7+ $3 {It seems that both players missed this
brilliant resource. White wins a pawn.} Kf8 (30... Kxf7 $2 31. Rc7+ $18) 31.
Rxg7 Kxg7 32. Bxe6 Kf6 33. Bg4 $16) 29... Bg6 $1 {Black forces a rook endgame
in which White doesn't have enough recources to win.} 30. Bxg6 Rd1+ 31. Kf2
Rxg1 32. Bxh7+ $1 {The only chance.} ({Or} 32. Kxg1 hxg6 33. Bxg7 Kxg7 34. Rc7+
Kf6 35. Rxb7 Rd1+ 36. Kf2 Rd2+ 37. Kf3 Rxa2 $11) 32... Kxh7 33. Kxg1 Rd1+ 34.
Kf2 Bxe5 35. fxe5 Rd2+ 36. Ke3 Rxa2 37. Rc7+ Kg6 38. Rxb7 Kf5 $11 {Black has
achieved the maximum activity of his pieces. Now draw is inevitable.} 39. Kd4
Rd2+ 40. Ke3 Rh2 41. Kd4 Rd2+ 42. Ke3 Rd5 43. Rb6 a5 44. b4 Rxe5+ 45. Kf3 axb4
1/2-1/2

[Event "Santiago Entel Cup 2nd"]
[Site "Santiago de Chile"]
[Date "2005.03.18"]
[Round "7"]
[White "Leitao, Rafael Duailibe"]
[Black "Felgaer, Ruben Alejandro"]
[Result "1-0"]
[WhiteElo "2580"]
[BlackElo "2588"]
[Annotator "Mikhalevski,V"]
[PlyCount "65"]
[EventDate "2005.03.15"]
[EventType "tourn"]
[EventRounds "13"]
[EventCountry "CHI"]
[EventCategory "9"]
[SourceTitle "CBM 106"]
[Source "ChessBase"]
[SourceDate "2005.06.06"]
[SourceVersion "1"]
[SourceVersionDate "2005.06.06"]
[SourceQuality "1"]

1. e4 c5 2. Nf3 g6 3. d4 cxd4 4. Nxd4 Nc6 5. c4 Nf6 6. Nc3 d6 7. Be2 Nxd4 8.
Qxd4 Bg7 9. Be3 O-O 10. Qd2 Be6 11. Rc1 Qa5 12. f3 Rfc8 13. b3 a6 14. Na4 Qxd2+
15. Kxd2 {The theory of this endgame has been developing very fast and deep.
Russian GM Tiviakov is one of the main experts of it.} Nd7 {[%cal Gf7f5]} 16.
g4 f5 17. exf5 {The main line.} ({In my opinion} 17. gxf5 {worth a serious
attention. See a nice win in Vaganian,R-Ponomariov,R Calvia ol(Men) 2004/CBM
104[Mikhalevski,V]}) 17... gxf5 18. h3 {[%cal Gf3f4] White maintains tension
and prepares f4.} Rf8 19. f4 Rad8 {[%cal Gd6d5]} 20. Nc3 {A relatively
uncommon continuation, which however may transpose into 20.g5. See below.} (20.
Rhd1 {is not precise in view of} Nf6 21. g5 Ne4+ 22. Ke1 Bf7 {[%csl Ra4] and
the a4-knight can't come back into play.} 23. c5 dxc5 24. Rxd8 Rxd8 {1/2-1/2
Drasko,M-Kovacevic,A/Belgrade 1998/CBM 064 (24)}) (20. g5 {The main line.
White takes away the f6-square from the black knightand intends to play with
the rook on the semiopen d and e-files.} Nc5 21. Nc3 ({Doesn't promise much} 
21. Nxc5 dxc5+ 22. Ke1 Bd4 23. Kf2 {1/2-1/2 Motylev,A-Tiviakov,S/Bastia FRA
2003/The Week in Chess 469 (23) After most likely exchange of the dark-squared
bishops and all rooks White will be unable to break through.}) 21... Ne4+ 22.
Nxe4 fxe4 23. Bb6 $5 {Recommendation of IM Tsesarsky.} (23. Bg4 $6 Bf5 24. Bb6
Rde8 $132 {[%cal Ge7e5] Nijboer,F-Tiviakov,S, NED-ch 2003/CBM96 [Tsesarsky]})
23... Rc8 24. Ke3 Rc6 25. Ba5 Bf5 26. Bc3 (26. Bb4 $5 {Tsesarsky.}) 26... Bxc3
27. Rxc3 b5 28. h4 b4 29. Rc2 Rc5 30. Rd1 Rfc8 31. Rcd2 Ra5 32. Rd5 Rcc5 33.
Rxc5 dxc5 34. Rd2 $16 {[%csl Re4] 1-0 Goloshchapov,A-Wirig,A/Izmir TUR 2004/
The Week in Chess 518 (56)}) (20. Bd3 {allowed to equalize by means of} d5 21.
gxf5 Bxf5 22. cxd5 b5 23. Nc5 Nxc5 24. Rxc5 e6 25. Rg1 Kh8 26. Rg5 h6 27. Rg3
Rxd5 28. Rxd5 exd5 29. Bxf5 Rxf5 $11 {1/2-1/2 Tukmakov,V-Brendel,O/Lenk 1999/
EXT 2000 (43). (43)}) 20... d5 {Nothing is new under the sun. This typical
idea of opening the d-file is one of the attempts to equalize .} (20... Nf6 21.
g5 Ne4+ 22. Nxe4 fxe4 {transposes into 20.g5.}) 21. cxd5 $1 {White chooses a
precise moves order. Now the f-rook will remain passive. Compare with 21.gxf5.}
(21. gxf5 {led to a quick draw in the following game} Rxf5 22. cxd5 Nf6 23.
Rhg1 Nxd5 24. Nxd5 Rfxd5+ 25. Ke1 $11 {1/2-1/2 Palac,M-Krivoshey,S/Oberwart
2001/EXT 2002 (25)}) 21... Nf6 22. Rhg1 $5 {I believe Leitao prepared this
novelty at home. White again maintains pressure on the kingside and shows his
intentions along the g-file.} ({Earlier White moved the king to c2, which
doesn't look like the best square for the king.} 22. Kc2 $6 Nxd5 23. Nxd5 Bxd5
24. Bc4 Bxc4 25. bxc4 Bd4 $1 {1/2-1/2 Marciano,D-Ekstroem,R/Biel 1998/EXT 99 
(44). (44) and White is the one who has to worry about equalizing.}) 22... Nxd5
23. Nxd5 Bxd5 24. Ke1 $1 {This is a much safer square for the king than c2,
chosen by Marciano.} Kh8 $6 {First inaccuracy.} (24... fxg4 $5 {determining
position on the kingside is worth testing. F.e. after} 25. hxg4 {Black can
safe a tempo since Kh8 is not needed.} ({or} 25. Rxg4 Kh8 26. Rc7 Bf6)) 25. Rc7
{[%csl Re7,Rg7]} (25. gxf5 $5 Rxf5 (25... Bf6 $5) 26. Rc7 Rf7 (26... Bf6 27.
Bg4 Bh4+ 28. Ke2 Rff8 29. Bf3 $1 $14 {[%csl Ra6,Rb7]}) 27. Bh5 Rf5 28. Bg4 Rf7
29. Bc8 {[%csl Ra6,Rb7]}) 25... fxg4 26. hxg4 e6 27. Rg3 $5 {White brings the
rook into play.} Rc8 28. Rxc8 Rxc8 29. Bd3 $14 {White is slightly better
thanks to a better pawn structure. Thus the h-pawn is an object of attack.} Kg8
$6 (29... h6 $1 {not allowing to fix the pawn on h7 was essential.} 30. Rh3 Kg8
{and it's not easy for White to make progress.}) 30. g5 $1 {[%csl Rh7] Fixing
the h-pawn on h7 White obtains an object of attack.} Rc7 31. Ke2 Rf7 $2 {
An unbelievable blunder, which loses on the spot.} (31... Bc3 $14 {would be
better keeping the h7-pawn protected.}) 32. Bxh7+ $1 {This easy tactical blow
was definitely missed by Argenrinian GM.} Kf8 $2 ({Both} 32... Kxh7 33. g6+ Kg8
34. gxf7+ Kxf7 $18) ({and} 32... Kh8 33. Rh3 Rc7 $1 {would leave more
practical chances.}) 33. Bc5+ $18 {Now it's over.} (33. Bc5+ Ke8 34. Bg6 $18)
1-0

[Event "Olympiad-36"]
[Site "Mallorca"]
[Date "2004.10.24"]
[Round "9"]
[White "Vaganian, Rafael A"]
[Black "Ponomariov, Ruslan"]
[Result "1-0"]
[WhiteElo "2640"]
[BlackElo "2710"]
[Annotator "Mikhalevski,V"]
[PlyCount "101"]
[EventDate "2004.10.15"]
[EventType "team-swiss"]
[EventRounds "14"]
[EventCountry "ESP"]
[SourceTitle "CBM 104"]
[Source "ChessBase"]
[SourceDate "2005.01.27"]
[SourceVersion "1"]
[SourceVersionDate "2005.01.27"]
[SourceQuality "1"]
[WhiteTeam "Armenia"]
[BlackTeam "Ukraine"]
[WhiteTeamCountry "ARM"]
[BlackTeamCountry "UKR"]

1. Nf3 c5 2. c4 Nc6 3. Nc3 Nf6 4. e4 d6 5. d4 cxd4 6. Nxd4 g6 {As we know the
Maroczy variation of Sicilian can be reached by different move orders. So in
this game there was a transposition from English.} 7. Be2 Nxd4 (7... Bg7 {
is the main alternative.}) 8. Qxd4 Bg7 9. Be3 O-O 10. Qd2 Be6 11. Rc1 Qa5 12.
f3 Rfc8 13. b3 a6 14. Na4 (14. Nd5 {usually leads to a full equality after
exchange of all heavy pieces.} Qxd2+ 15. Kxd2 Nxd5 16. cxd5 Bd7 17. Rxc8+ Rxc8
18. Rc1 Rxc1 19. Kxc1 Kf8 20. a4 e6 {1/2-1/2 Grabarczyk,B-Pigusov,E/Panormo
2001/CBM 84 ext (20).}) 14... Qxd2+ 15. Kxd2 Nd7 16. g4 f5 {A very popular
position in the Maroczy variation has been arised.} 17. gxf5 $5 {For some
reason this logical continuation is very uncommon. White opens the g-file and
tries to attack the black king having in mind the exchanging sacrifice on g7.}
(17. exf5 {is the main line.}) 17... gxf5 18. Rhg1 {[%csl Rg7][%cal Ge3d4,
Ge3h6]} (18. exf5 $6 {only helps Black to unpin the pieces.} Bxf5 19. Rhg1 Kf7
20. f4 e6 21. Bh5+ Bg6 22. Bf3 Rc7 $11 {and Black is ok.0-1 Khechumyan,G-Vogt,
L/Budapest 2000/EXT 2004 (44)}) 18... Kh8 {The most logical. Black takes his
king away from the g-file.} (18... Rf8 {doesn't seem to equalize in view of}
19. Nc3 $1 {[%cal Gc3d5]} (19. Bd4 Rf7 20. f4 Kf8 21. Bxg7+ Rxg7 22. Rxg7 Kxg7
23. exf5 Bxf5 24. Bf3 Rb8 $14 {1/2-1/2 Alburt,L-Beliavsky,A/Vilnius 1975/MCL 
(33). (32)}) 19... Kf7 20. Nd5 $1 $16 {[%csl Rg7][%cal Gd5c7,Gd5e7]}) 19. Bd3
$1 {[%cal Ge4f5] The most unpleasant for Black, who has to look for tactics to
save a pawn.} ({White also tested two other options, which I believe, are also
enough for getting a slight advantage.} 19. Nc3 fxe4 20. Nxe4 d5 21. Ng5 Bg8
22. cxd5 Bxd5 23. Rg3 $6 (23. Bc4 $5 $14) 23... Rxc1 24. Kxc1 Nf6 $11 {1/2-1/2
Lau,R-Polgar,Z/New York 1985/MCD (31)}) (19. exf5 Bxf5 20. f4 {[%cal Ge2f3]}
Bf6 (20... Rab8 $5 $14) 21. Bf3 Rc7 22. Nc3 e6 23. Ne4 Bxe4 24. Bxe4 Nc5 25.
Bf3 $14 {1-0 Ganguly,S-Borg,A/Istanbul 2000/EXT 2001 (39)}) 19... Ne5 $6 {
[%cal Ge5f3] It looks like a good way to prevent 20.exf5, but...} (19... fxe4 {
allows White to create pressure both on the queen side and along the e-file.}
20. Bxe4 Rab8 21. Nb6 (21. Ba7 {is met by} Bh6+) 21... Nxb6 22. Bxb6 $14 {
[%csl Rb7,Re7][%cal Gc1e1]}) (19... Rf8 {was worth trying, but I still
consider White's chances to be higher.}) 20. Rxg7 $1 {Ponomariov certainly
underestimated this move. Now the weakness of the dark squares combined with
the idea of Nb6 give White a clear advantage.} Kxg7 (20... Nxf3+ $2 21. Ke2
Kxg7 22. Kxf3 $18) 21. Bd4 $1 {[%cal Gf3f4,Ga4b6] A strong intermediate move.
White is not in a hurry to return an exchange and develops unpleasant
initiative on the kingside.} ({White is also better after} 21. Nb6 $5 Nxf3+ 22.
Ke2) 21... Rf8 $6 {This clever attempt to prevent f4 doesn't reach the goal.} (
{In the only preceding game Black tried} 21... fxe4 $6 {which looks wrong.
After} 22. Bxe4 Rf8 23. Ke3 (23. Bxb7 $5) 23... Kf7 24. Bxe5 dxe5 25. Bxb7 Ra7
26. Be4 $16 {1-0 Rotstein,A-Vogt,L/Austria 2002/CBM 91 ext (53) White obtained
a clear advantage at the endgame, which he later converted into a full point.})
(21... Kg6 $5 {seems to be the best defense with the idea} 22. Bxe5 (22. Rg1+
Kh6 23. Bxe5 dxe5 24. exf5 Bf7 25. Nb6 $140 Rg8 $1) 22... dxe5 23. Nb6 f4 $1 {
[%csl Rf3,Rh2] with some counterplay.}) 22. f4 $1 {Anyway.} fxe4 23. fxe5 exd3
24. exd6+ Kf7 (24... Kh6 {is hardly better:} 25. Re1 $1 Bf5 26. dxe7 $16 {
[%csl Ge7]}) 25. Rf1+ Ke8 $6 {After this inaccurate move Black is lost, but
even after the better 25...Kg6 White has a big advantage.} ({Or} 25... Kg6 26.
Re1 $1 $16 (26. Rg1+ $5)) 26. Re1 $1 {[%csl Re6,Re7]} Rf4 {The only way to
save the bishop, which however can't save the game.} 27. Rxe6 Rxd4 28. Nb6 $1 {
Another strong intermediate move.} Rd8 29. Rxe7+ Kf8 30. c5 $18 {A pair of
connected passed pawns supported by a strong knight and a rook plus a bad king
on the 8th rank doesn't leave any doubts about the outcome of the game and
Vaganian is precise to the end.} Kg8 31. Nd7 $1 Rf4 32. Ne5 $1 Rd4 33. Nxd3 b6
34. b4 a5 35. Ke3 $1 bxc5 36. bxc5 Rh4 37. Ne5 (37. Nf4 $1 {[%cal Gf4e6] is
even better.}) 37... Rxh2 38. Nc6 Ra8 39. d7 Kf8 40. Re4 {[%cal Gd7d8]} Rxa2
41. Rf4+ Kg7 42. d8=Q Rxd8 43. Nxd8 a4 44. Rc4 $1 (44. c6 $5) 44... a3 45. c6
Ra1 46. c7 a2 47. c8=Q Re1+ 48. Kf2 Rf1+ 49. Kxf1 a1=Q+ 50. Kg2 Qa2+ 51. Kh3 {
A clear win of Vaganian!} 1-0